Recreation policy on the federal lands /

Bibliographic Details
Main Author: Sax, Joseph L.
Format: Book
Language:English
Published: Berkeley : University of California, College of Natural Resources, Dept. of Forestry and Resource Management, 1978.
Series:Horace M. Albright conservation lectureship ; no. 17.
Subjects:

MARC

Tag First Indicator Second Indicator Subfields
LEADER 00000cam a2200000 a 4500
001 in00000088731
005 20151008065227.0
008 790305n1978 cauc b 00010 eng d
035 |a (OCoLC)04710519 
035 |9 AAK5579AM 
040 |c UDH  |d m.c.  |d TXA  |d UtOrBLW 
049 |a TXAM  |c [1655532] 
090 |a S900  |b .H6 no.17 
100 1 |a Sax, Joseph L. 
245 1 0 |a Recreation policy on the federal lands /  |c Joseph L. Sax. 
264 1 |a Berkeley :  |b University of California, College of Natural Resources, Dept. of Forestry and Resource Management,  |c 1978. 
300 |a 20 pages :  |b portrait ;  |c 23 cm. 
336 |a text  |b txt  |2 rdacontent 
337 |a unmediated  |b n  |2 rdamedia 
338 |a volume  |b nc  |2 rdacarrier 
490 1 |a The Horace M. Albright conservation lectureship,  |v no. 17 
504 |a Includes bibliographical references. 
650 0 |a Outdoor recreation. 
830 0 |a Horace M. Albright conservation lectureship ;  |v no. 17. 
999 |a MARS 
999 f f |s 5feb5e94-198a-302b-b2c9-584a28dfe310  |i 3f2f62d9-b3d5-3815-91b4-21b5d192e849  |t 0 
952 f f |p ric  |a Texas A&M University  |b Rellis Campus  |c Joint Library Facility  |d Remote Storage  |t 0  |e S900 .H6 no.17  |h Library of Congress classification  |i unmediated -- volume  |m A14806234832 
998 f f |a S900 .H6 no.17  |t 0  |l Remote Storage